A Textbook on Estimate and Quantity Surveying/ (Record no. 210820)
[ view plain ]
| 000 -LEADER | |
|---|---|
| fixed length control field | 00630nam a22001937a 4500 |
| 005 - DATE AND TIME OF LATEST TRANSACTION | |
| control field | 20250404144403.0 |
| 010 ## - LCCN (DPL NO) | |
| LC control number | ENG-144423 |
| 020 ## - INTERNATIONAL STANDARD BOOK NUMBER | |
| International Standard Book Number | 9789387865228 |
| Terms of availability | 260.00 |
| 035 ## - SYSTEM CONTROL NUMBER | |
| System control number | EN-127955 |
| 037 ## - SOURCE OF ACQUISITION | |
| Source of stock number/acquisition | DBAD |
| 082 ## - DEWEY DECIMAL CLASSIFICATION NUMBER | |
| Classification number | 692.5 |
| 100 ## - MAIN ENTRY--PERSONAL NAME | |
| Personal name | Vigneshwar, S. |
| 245 ## - TITLE STATEMENT | |
| Title | A Textbook on Estimate and Quantity Surveying/ |
| Statement of responsibility, etc | S. Vigneshwar [and] R.S. Gandhimathi |
| 260 ## - PUBLICATION, DISTRIBUTION, ETC. (IMPRINT) | |
| Place of publication, distribution, etc | Chennai |
| Name of publisher, distributor, etc | Forschung Publications |
| Date of publication, distribution, etc | 2019 |
| 270 ## - ADDRESS | |
| Address | Mogappair |
| City | Chennai |
| Telephone number | 9626166683 |
| Electronic mail address | forchungpublications@gmail.com |
| 300 ## - PHYSICAL DESCRIPTION | |
| Extent | 91p. |
| Dimensions | 23cm(pb) |
| 700 ## - ADDED ENTRY--PERSONAL NAME | |
| Personal name | Gandhimathi, R.S. |
| Relator term | Author |
| 9 (RLIN) | 79408 |
| 942 ## - ADDED ENTRY ELEMENTS (KOHA) | |
| Source of classification or shelving scheme | Dewey Decimal Classification |
| Item type | English Books |
| Classification part | 692.5 |
| Call number suffix | VIG |
| Withdrawn status | Lost status | Not for loan | Collection code | Home library | Current library | Date acquired | Source of acquisition | Cost, normal purchase price | Full call number | Barcode | Copy number | Cost, replacement price | Koha item type |
|---|---|---|---|---|---|---|---|---|---|---|---|---|---|
| Non-fiction | Ashok Vihar | Ashok Vihar | 04/04/2025 | Delivery of Books Act Division | 395.00 | 692.5 VIG | EN-127955 | 1 | 395.00 | English Books |
